Countries Mentioned by Bad Bunny - Statistics

General Stats
  • This quiz has been taken 270 times
  • The average score is 12 of 23
Answer Stats
Song(s) Country % Correct
Tranquilo Colombia
86%
Un Coco | Loca Argentina
84%
Gently | Vuelve Candy B | Soy El Diablo (Remix) Mexico
84%
Vuelve Candy B United States
83%
Sorry papi | Báilame (Remix) | Thinkin Venezuela
76%
Un Coco | Yo le llego | Hablamos mañana Chile
71%
Monaco Monaco
67%
Vuelve Candy B | Báilame (Remix) | Maldita pobreza France
65%
Teléfono nuevo Cuba
63%
Gently | Ronca Freestyle | 25/8 | De las dos | Me llueven | Un Preview | El apagón | Lean Dominican Republic
62%
Mercedes Carota Peru
57%
Original | Thinkin Italy
54%
Vuelve China
50%
Yo le llego Panama
46%
Baticano Vatican City
44%
Un Coco El Salvador
43%
La Cartera Jamaica
40%
Baticano Germany
37%
Báilame (Remix) | Pure Bahamas
34%
Coco Chanel San Marino
12%
El apagón Maldives
7%
Cuando perriabas Singapore
7%
Original Fiji
3%
No matching quizzes found
Score Distribution
Percent of People with Each Score
Percentile by Number Answered
Your Score History
You have not taken this quiz